| 000 | 00595 a2200229 4500 | ||
|---|---|---|---|
| 001 | 18749 | ||
| 999 |
_c18749 _d5450 |
||
| 003 | TR-AnTOB | ||
| 005 | 20190408213046.0 | ||
| 008 | 041102s2001 tu tur | ||
| 020 | _a9758156292 | ||
| 041 | _atur | ||
| 050 |
_aDS27 _b.K39 2001 |
||
| 090 | _aDS27 .K39 2001 | ||
| 100 |
_aKayhan, Hüseyin _910881 |
||
| 245 | 0 |
_aIrak Selçukluları / _cHüseyin Kayhan. |
|
| 264 | 1 |
_aKonya : _bÇizgi Kitabevi, _c2001 |
|
| 300 |
_a362 p. : _bmaps ; _c21 |
||
| 500 |
_aBibliography: p. 335-345. _xIncludes index. |
||
| 650 |
_aSelçuklular _zIrak _xTarih _910882 |
||
| 902 | _a0008359 | ||
| 942 | _cBK | ||